| 000 | 00581nam a2200121Ia 4500 | ||
|---|---|---|---|
| 008 | 171212s9999 xx 000 0 und d | ||
| 020 | _a9780833076830 | ||
| 100 | _aMoore, Melinda;Wermuth, Michael A.;Resnick, Adam C.;Green, Harold D.;Broyles, James R. | ||
| 245 |
_cMoore, Melinda;Wermuth, Michael A.;Resnick, Adam C.;Green, Harold D.;Broyles, James R. _aBridging the Gap _bPrototype Tools to Support Local Disaster Preparedness Planning and Collaboration |
||
| 260 |
_bRAND Corporation _c2012 |
||
| 650 | _aEnvironmental Science | ||
| 856 | _uwww.jstor.org/stable/10.7249/j.ctt3fh1r5 | ||
| 999 |
_c351807 _d351807 |
||